01012 2200277 4500001002100000005001500021035002000036008004100056245003200097100002300129260003400152300002200186020001900208084001600227520035400243082001000597650003500607650001500642990001100657990001100668990001100679990001100690990001100701990001100712990001100723INLIS00000000000581420260414093628 a0010-0721001073260414 g 0 ind 1 aMengenal Dan Mencegah SARS!1 aJudarwanto, Widodo aJakarta :bPuspa Swara,c2003 a98 hlm. ;c20 cm. a979-3235-70-5. a116.2 JUD m aMENGENAL DAN MENCEGAH SARS ! Dunia heboh kerena sars, kehebohan ini melanda Indonesia. Orang panik dan berusaha melindungi diri dari ancaman penyakit ini. Stop kepanikan anda, baca dan pahami buku ini. Seluk-beluk SARS, mulai dari penyebaran penyakit, penyebab, tanda dan gejala, perlindungan diri, pencegahan, sampai antisipasi SARS dikupas tuntas. a116.2 4aPenyakit Yang Disebabkan Hewan 4aFlu Burung a023087 a023088 a008879 a008880 a008881 a023086 a008878